[Event "MPL 35th National U-20 Girls Chess-ch 20"]
[Site "Haryana"]
[Date "2022.03.09"]
[Round "1.1"]
[White "Priyanka Nutakki"]
[Black "Athira A J"]
[Result "1-0"]
[WhiteElo "2301"]
[BlackElo "1219"]
[Annotator "TA"]
[PlyCount "95"]
[EventDate "2022.03.09"]
[EventCountry "IND"]
[SourceTitle "playchess.com"]
[Source "ChessBase"]
[SourceQuality "1"]

{[%evp 20,94,34,12,32,14,20,17,23,5,21,0,12,14,154,76,67,0,0,-28,-10,-21,26,25,222,25,153,145,256,262,230,247,391,391,379,364,365,360,449,379,412,347,352,339,402,394,457,315,311,288,320,268,305,0,309,292,303,263,356,285,274,192,466,464,29986,270,356,356,354,305,29990,29991,29995,29996,29998,29999,29999]} 1. d4 Nf6 2. Nf3 e6 3. Bf4 c5 4. e3 cxd4 5. exd4 d6 6. c3 Be7 7. h3 O-O 8. Bd3 Nbd7 {[%cal Bb8d7,Bd7f8,Bf8g6][%mdl 32]} 9. O-O b6 10. Qe2 Bb7 11. Nbd2 Re8 {[%cal Oe6e5] A47: 1 d4 Nf6 2 Nf3 b6: Torre, London and Colle Systems.} 12. Rfe1 {has lost popularity (12.Bh2).} Nf8 13. Bh2 Ng6 {The position is equal.} 14. a4 a6 15. Rad1 {[#]} Qb8 $146 ({Predecessor:} 15... Bf8 16. Nf1 Qd7 17. b3 Nd5 18. Qd2 b5 19. axb5 axb5 20. Ra1 Rxa1 21. Rxa1 Rc8 {½-½ (53) Soto Hernandez,H (2466)-Perera Alfonso,R (2291) Havana 2018}) 16. Ng5 Nd5 {[#]} (16... Bc6 $11 {keeps the balance.}) 17. Bxg6 (17. Nxf7 $142 $1 {[%mdl 512]} Nf8 18. Be4 $1) 17... hxg6 $16 {[#]} (17... Bxg5 $2 18. Bxf7+ $1 {[%mdl 512]} Kxf7 19. Qh5+ Kg8 20. Qxg5 $18) 18. Ndf3 {White is more active.} (18. Nxf7 $1 $14 e5 19. dxe5 $1 Kxf7 20. Nf3) 18... Qc8 $11 19. h4 Qd7 20. c4 Nc7 (20... Nf6 $142) 21. c5 Qc6 $2 {[#]} (21... Nd5 $11) 22. b4 $2 ({White should try} 22. Nxf7 $1 $18 {[%mdl 512]} bxc5 (22... Kxf7 23. cxd6) 23. dxc5 $1 Qxc5 24. Bxd6 $1 (24. Nxd6 Bxf3 25. gxf3 Bxd6 $18) 24... Bxf3 25. Qxf3 Bxd6 26. Nxd6 (26. Rxd6 Re7 $16)) 22... bxc5 (22... Rad8 $11 {remains equal.}) 23. dxc5 $16 {[%cal Og5f7] Black must now prevent Nxf7!} dxc5 {[#]} (23... e5 $16) 24. Nxf7 $1 $18 {[%mdl 512] Pair of Knights!} Bf6 25. Nd6 Re7 (25... cxb4 $142 26. Nxe8 Rxe8) 26. Nxb7 Qxb7 27. bxc5 Nd5 28. Qc2 Qc6 29. Be5 Rc8 30. Bxf6 Nxf6 31. Rc1 ({Don't take} 31. Qxg6 Qxc5 32. Ng5 e5 $18) 31... Qe8 32. Qc4 Nd7 33. Qd4 Rc6 34. Ng5 Nf6 35. Rb1 Nd7 36. Rbc1 {[%cal Bb1c1,Bc1c2,Bc2e2][%mdl 32]} Nf6 37. Rc2 Rd7 38. Qf4 Qe7 39. Rce2 Qxc5 40. Nxe6 Qa7 (40... Qc4 41. Rb2 Qxf4 42. Nxf4 Kf7) 41. Ng5 {[%cal Oe2e8] White wants to mate with Re8+!} Rc8 {[#] To avoid Re8+} (41... Qa8 $18 42. Qb4 Rdc7) 42. Qe5 $2 (42. Qc4+ $3 {[%mdl 512] mates} Rf7 43. Qxc8+ Rf8 44. Qc2 Qd4 45. Ne6 Qg4 46. Qb3 Rc8 47. Qb7) 42... Qb8 43. Qe6+ Kh8 44. Qxa6 Nh7 $2 {[#]} (44... Rd4 $18 45. Re6 Rf8) 45. Qxc8+ $1 {[%mdl 512] White mates.} Rd8 (45... Qxc8 46. Re8+) 46. Re8+ Rxe8 47. Rxe8+ Nf8 48. Rxf8# {Weighted Error Value: White=0.51/Black=0.90} 1-0

[Event "MPL 35th National U-20 Girls Chess-ch 20"]
[Site "Haryana"]
[Date "2022.03.09"]
[Round "1.2"]
[White "Bhavya Verma"]
[Black "Bommini Mounika Akshaya"]
[Result "0-1"]
[WhiteElo "1217"]
[BlackElo "2145"]
[Annotator "TA"]
[PlyCount "64"]
[EventDate "2022.03.09"]
[EventCountry "IND"]
[SourceTitle "playchess.com"]
[Source "ChessBase"]
[SourceQuality "1"]

{[%evp 13,64,0,6,-59,-62,-142,-136,-192,-164,-174,-189,-241,-198,-337,-338,-343,-347,-399,-382,-398,-383,-376,-369,-421,-421,-419,-362,-469,-458,-506,-437,-439,-426,-478,-421,-440,-433,-584,-571,-757,-557,-770,-661,-750,-628,-6279,-6279,-29987,-5181,-29988,-5414,-29994,-29994]} 1. e4 e5 2. Nf3 Nc6 3. d4 exd4 4. Bc4 Nf6 5. e5 d5 6. Bb5 Ne4 7. Nxd4 Bc5 {[%cal Oe4f2] White must now prevent ...Nxf2!} 8. Bxc6+ {C56: Two Knights: 4 d4 exd4 5 0-0 Nxe4.} (8. Be3 $11 O-O 9. Nxc6 bxc6 10. Bxc5 Nxc5 11. Bxc6) 8... bxc6 $15 9. O-O {[#]} (9. c3 $15) 9... Ba6 $1 $17 10. Be3 (10. f3 $17) 10... Bxd4 $40 {[%mdl 128] Black goes for the king.} 11. Bxd4 Bxf1 12. Kxf1 {[#]} (12. Qxf1 {was called for.} O-O 13. f3) 12... Qh4 $146 ({Predecessor:} 12... O-O 13. Nc3 Nxc3 14. bxc3 Qe7 15. Qg4 c5 16. Be3 Qxe5 17. Bxc5 Qxc3 18. Bd4 Qc4+ 19. Kg1 g6 20. Qd1 Rfe8 21. h3 c5 {0-1 (21) Hersvik,D-Haslinger,S (2155) Verdun 1995}) 13. Nc3 (13. Kg1 $142) 13... Nxc3 $19 14. bxc3 Qxh2 15. f3 O-O {[%cal Bh8f8,Bf8e8,Be8e6,Be6g6][%mdl 32]} 16. Qd2 Rfe8 {...Qh1+ is the strong threat.} 17. Re1 Qh5 18. Qe2 a5 19. Qe3 Re6 20. f4 Rg6 21. Kg1 Re8 22. Rf1 Qf5 ({Don't go for} 22... Rh6 $2 23. Qg3 $19) 23. Qe2 f6 24. Qd2 h5 25. exf6 gxf6 26. Bc5 Re4 27. Ba7 Rg4 28. Be3 Rg3 29. Ba7 Qg4 30. Rf2 h4 {[%cal Bh5h4,Bh4h3][%mdl 32]} 31. f5 h3 {[#] ( -> ...Kf7)} 32. Be3 Rexe3 {Black took control after the opening.  Weighted Error Value: White=1.22/Black=0.33} 0-1

[Event "MPL 35th National U-20 Girls Chess-ch 20"]
[Site "Haryana"]
[Date "2022.03.09"]
[Round "1.4"]
[White "Sherali Pattnaik"]
[Black "Lakshmi C"]
[Result "0-1"]
[WhiteElo "1209"]
[BlackElo "1968"]
[Annotator "TA"]
[PlyCount "116"]
[EventDate "2022.03.09"]
[EventCountry "IND"]
[SourceTitle "playchess.com"]
[Source "ChessBase"]
[SourceQuality "1"]

{[%evp 23,115,9,14,14,31,22,60,48,60,58,80,84,78,71,116,112,116,21,22,29,64,46,82,-8,-14,-9,-24,-20,0,-62,-70,-130,-128,-239,-160,-310,-291,-534,-695,-699,-697,-696,-687,-665,-677,-654,-641,-788,-777,-751,-747,-821,-821,-761,-785,-721,-706,-713,-708,-683,-668,-966,-950,-998,-1012,-991,-964,-1699,-1528,-1204,-1315,-2886,-2724,-1981,-1964,-29985,-29986,-29985,-29986,-29986,-29987,-29990,-29991,-29993,-29994,-29995,-29996,-29997,-29997,-29998,-29998,-29998,-29999,-29999]} 1. e4 c5 2. Nf3 {[%cal Bg1f3,Bf3d4,Bd4b5,Bb5a3,Ba3c2][%mdl 32]} Nc6 3. d4 cxd4 4. Nxd4 Nf6 5. Nc3 e5 6. Ndb5 d6 7. Bg5 a6 8. Na3 b5 9. Nd5 Be7 10. Bxf6 Bxf6 11. c4 b4 12. Nc2 Rb8 13. g3 {B33: Sicilian: Pelikan and Sveshnikov Variations.} Bg5 14. h4 Bh6 15. Bh3 {White is slightly better.} O-O 16. Bxc8 Rxc8 17. b3 a5 {[#]} 18. g4 $146 ({Predecessor:} 18. Qg4 Ne7 19. Rd1 Kh8 20. Nce3 Bxe3 21. Nxe3 Rc7 22. O-O g6 23. Nd5 Nxd5 24. Rxd5 {1-0 (33) Moritz,A (2175)-Sucher,U (1929) Germany 2017}) 18... Bf4 (18... f6 $142) 19. Qf3 $16 Re8 20. Nxf4 (20. Rd1 $16) 20... exf4 $11 21. Qxf4 Ne5 {[%cal Bc6e5,Be5f3,Bf3d2][%mdl 32]} 22. Qg3 {Prevents Nd3+.} Qf6 {[%cal Oe5c4] [#] ...Nxc4! is the strong threat.} 23. g5 (23. O-O-O $1 $16) 23... Nf3+ {[%mdl 64] Discovered Attack} 24. Kf1 Nd2+ $1 ({Don't take} 24... Qc3 {[#]} 25. Kg2 $1 $16) 25. Kg2 Qb2 26. Qd3 (26. Ne3 $1 $11) 26... Nxe4 $15 {[%cal Od6d5]} 27. Rhb1 {Black keeps a firm grip on the game.} (27. Rae1 $15 d5 28. Re2 dxc4 29. bxc4) 27... Qe5 $17 {And now ...Qf4 would win. Black is much more active.} 28. Rh1 (28. Qh3 $17 {keeps fighting.}) 28... f6 29. Qe3 (29. Ne3 $17) 29... fxg5 $19 30. hxg5 $2 (30. Rae1) 30... Rf8 31. Raf1 Rf4 ({Avoid the trap} 31... Qf5 $2 32. Rh4 Rce8 33. Nd4 $19) 32. Rh3 Rcf8 33. f3 Qxg5+ 34. Kh2 Qe5 {( -> ...Rxf3+)} 35. Qd4 Qxd4 36. Nxd4 Nd2 {[%csl LRd4,LRf1]} 37. Ne6 Nxf1+ 38. Kg2 Ne3+ 39. Kf2 Nd1+ 40. Kg2 R4f5 41. Nxf8 Kxf8 {[%mdl 4096] Endgame KRN-KR} 42. Rh4 Nc3 43. Rd4 Ke7 44. Rd2 d5 45. cxd5 Rxd5 46. Rc2 Rd1 47. Kf2 Ra1 48. Ke3 Rxa2 49. Rxa2 Nxa2 {KN-KPP. Black mates.} 50. Kd4 Kd6 51. Kc4 h5 52. Kb5 h4 53. Ka4 h3 54. f4 h2 55. f5 h1=Q 56. f6 Qc6+ 57. Kxa5 Kc5 {[%csl Gc5][%cal Rc6b5]} 58. fxg7 Qb5# {Weighted Error Value: White=0.58/Black=0.09 (flawless)} 0-1

[Event "MPL 35th National U-20 Girls Chess-ch 20"]
[Site "Haryana"]
[Date "2022.03.09"]
[Round "1.5"]
[White "Rindhiya V"]
[Black "Harshvi Matalia"]
[Result "1-0"]
[WhiteElo "1949"]
[BlackElo "1195"]
[Annotator "TA"]
[PlyCount "61"]
[EventDate "2022.03.09"]
[EventCountry "IND"]
[SourceTitle "playchess.com"]
[Source "ChessBase"]
[SourceQuality "1"]

{[%evp 9,60,-15,-1,-15,-6,-26,-5,-7,16,13,39,47,33,40,40,35,120,113,320,322,295,329,300,291,284,261,538,471,804,803,835,801,1043,727,1679,1549,29989,29990,29993,29993,29995,29992,29994,29995,29997,29995,29996,29997,29997,29998,29998,29999,29999]} 1. e4 c5 2. Nf3 Nc6 3. Bb5 d6 4. O-O a6 5. Bd3 Bg4 6. c3 {B51: Sicilian: Moscow Variation (3 Bb5+) without 3...Bd7.} Nf6 {[#]} 7. h3 $146 ({Predecessor:} 7. Re1 Ne5 8. Be2 Nxe4 9. Qa4+ Qd7 10. Qxe4 Bf5 11. Nxe5 Bxe4 12. Nxd7 Kxd7 13. Bg4+ {1-0 (35) Gokce,M (1739)-Motor,U Konya 2016}) 7... Bh5 8. Re1 {The position is equal.} Ne5 9. Be2 Nxf3+ (9... Bxf3 $5 10. Bxf3 d5 $11) 10. Bxf3 Bxf3 11. Qxf3 Qc7 12. d4 {Strongly threatening e5.} cxd4 ({Black should try} 12... e6 $14) 13. cxd4 $16 g6 $2 {Loses the game.} (13... Nd7 $16 {was worth a try.}) 14. Nc3 $18 Bg7 15. e5 dxe5 16. dxe5 Nd7 {[#]} 17. Nd5 $1 Qd8 (17... Qc6) 18. Bg5 {[%cal Bc1g5,Bg5e7,Be7f6,Bf6e5][%mdl 32]} Nxe5 {[#]} (18... O-O $142 19. Bxe7 Qa5) 19. Rxe5 $1 {[%mdl 512]} Bxe5 (19... O-O 20. Rxe7) 20. Bxe7 Qd7 21. Bf6 Qd6 22. Re1 ({Less strong is} 22. Bxh8 Bxh8 23. Re1+ Kf8 $16) 22... Kd7 23. Bxe5 {White mates.} Qe6 24. Nc7 Qe7 25. Nxa8 Rxa8 26. Qxb7+ Ke6 27. Bd6+ Kxd6 28. Qxe7+ Kc6 29. Rc1+ Kd5 30. Rc5+ Kd4 31. Qe3# {Weighted Error Value: White=0.11 (very precise) /Black=0.50} 1-0

[Event "MPL 35th National U-20 Girls Chess-ch 20"]
[Site "Haryana"]
[Date "2022.03.09"]
[Round "2.1"]
[White "Shubhi Gupta"]
[Black "Priyanka Nutakki"]
[Result "0-1"]
[WhiteElo "1434"]
[BlackElo "2301"]
[Annotator "TA"]
[PlyCount "70"]
[EventDate "2022.03.09"]
[EventCountry "IND"]
[SourceTitle "playchess.com"]
[Source "ChessBase"]
[SourceQuality "1"]

{[%evp 9,69,17,50,45,47,56,80,62,87,59,78,31,100,37,59,-16,29,-33,14,-66,-59,-56,-52,-67,-66,-259,-299,-272,-266,-306,-307,-308,-316,-275,-215,-330,-346,-308,-292,-641,-633,-1044,-1025,-920,-372,-1076,-1064,-1044,-873,-1910,-1887,-1773,-1744,-29995,-29996,-29996,-29997,-29997,-29998,-29998,-29999,-29999]} 1. d4 d5 2. c4 e6 3. Nc3 a6 4. e4 Bb4 {[#]} 5. Bd3 $146 ({Predecessor:} 5. e5 Ne7 6. Bd2 dxc4 7. Nf3 b5 8. a4 Bb7 9. axb5 Bxc3 10. bxc3 axb5 11. Rb1 Bc6 {1-0 (39) Pogosian,M (2377)-Isajevsky,A (2403) Chess.com INT 2021}) 5... c5 6. cxd5 {D31: Queen's Gambit Declined: Semi-Slav without ...Nf6 (+ Marshall Gambit and Noteboom) and Exchange Variation lines without ...Nf6.} exd5 7. Nge2 Ne7 8. O-O {White is better.} c4 9. Bc2 O-O 10. e5 (10. b3 $16) 10... Bf5 (10... Nbc6 $14) 11. f4 (11. Bxf5 $16 Nxf5 12. Nf4) 11... Nbc6 12. Be3 ({White should try} 12. Bxf5 $1 $14 Nxf5 13. g4) 12... Ba5 (12... f6 {deserves consideration.}) 13. a3 (13. Bxf5 $11 Nxf5 14. Bf2) 13... b5 (13... Bb6 $15) 14. b4 (14. Bxf5 $11 Nxf5 15. Bf2) 14... Bb6 $15 15. h3 Qd7 16. Kh2 f6 17. Qd2 $2 {Now White is beyond hope.} (17. Bg1 $15) 17... Bxc2 $19 18. Qxc2 fxe5 19. fxe5 {[#]} Nxe5 $1 {[%mdl 512]} 20. Nf4 N5g6 21. Nxg6 Nxg6 22. Rae1 (22. g3 {was worth a try.}) 22... Bc7+ 23. Kh1 Nh4 {Threatens to win with ...Nf5.} 24. Bf2 $2 {[#]} (24. Bg1) 24... Nf3 $1 {[%cal Od7d6][%mdl 512] White must now prevent ...Qd6!} 25. Rd1 {[#]} (25. Bg1 Nxe1) 25... Qd6 $1 {[%csl Gc7,Gf3][%cal Rd6h2] To avoid Bg3} 26. g3 Ng5 (26... Qe6 $142 {[%cal Re6h3]} 27. Kg2 Ng5) 27. Kg2 (27. Be3 Qxg3 28. Bxg5 Qxh3+ 29. Kg1 Qg3+ 30. Qg2 Qxc3 31. Qxd5+ Kh8 32. Qc6 Rxf1+ 33. Rxf1 Qxd4+ 34. Kh1) 27... Qe6 28. Rh1 Qf7 29. Rdf1 Qf3+ 30. Kh2 Rae8 {[%cal Oe8e3] ( -> ...Re3!)} 31. Qc1 {To avoid Re3} Qxf2+ {Black mates.} 32. Rxf2 Rxf2+ 33. Kg1 {[#]} Bxg3 $1 {[%cal Rg5f3]} 34. Qd1 {[#]} (34. Qe3 Nf3+) 34... Re1+ $3 {[%mdl 512]} 35. Qxe1 Nf3# {Weighted Error Value: White=1.00/Black=0.26 (precise)} 0-1

[Event "MPL 35th National U-20 Girls Chess-ch 20"]
[Site "Haryana"]
[Date "2022.03.09"]
[Round "2.2"]
[White "Bommini Mounika Akshaya"]
[Black "Prishita Gupta"]
[Result "1-0"]
[WhiteElo "2145"]
[BlackElo "1412"]
[Annotator "TA"]
[PlyCount "65"]
[EventDate "2022.03.09"]
[EventCountry "IND"]
[SourceTitle "playchess.com"]
[Source "ChessBase"]
[SourceQuality "1"]

{[%evp 17,65,46,55,12,33,9,31,27,43,16,25,0,0,-7,37,-54,-52,-56,-68,-55,91,6,163,169,156,150,196,187,187,167,407,422,626,616,664,656,2029,1936,5618,5597,5581,1264,5415,5323,1838,858,818,802,5485,2011]} 1. d4 d5 2. c4 e6 3. Nc3 Nf6 4. cxd5 exd5 5. Bg5 Be7 6. e3 Nbd7 7. Bd3 b6 8. Nge2 Bb7 9. O-O O-O 10. Rc1 {D35: Queen's Gambit Declined: Exchange Variation.} (10. Ng3 $14) 10... c5 (10... h6 $5 {[%cal Rh6g5]} 11. Bh4 c6 $11) 11. Re1 Rc8 {[#]} 12. Bb1 $146 {White is slightly better.} ({Predecessor:} 12. f3 Re8 13. Bh4 Bd6 14. Bf2 Qc7 15. g3 a6 16. Nb1 h5 17. Nd2 h4 18. Nf1 hxg3 19. hxg3 {1-0 (81) Von Keyserlingk,C (1670)-Krupp,K (1450) Braunfels 2014}) 12... h6 13. Bh4 a6 14. h3 c4 15. a4 {Inhibits b5.} Bc6 (15... Re8 $11 {might be stronger.}) 16. Bg3 (16. Ng3 $14) 16... b5 $15 {aiming for ...b4.} 17. axb5 axb5 18. e4 (18. Bf5 g6 19. Bg4 Nxg4 20. hxg4 b4 $17) 18... b4 {[#]} ({Don't do} 18... dxe4 19. d5 Nxd5 20. Nxd5 $16) (18... Nxe4 $15 {stays ahead.} 19. Bxe4 dxe4) 19. Nxd5 (19. exd5 $1 $16 Bxd5 (19... bxc3 20. dxc6) 20. Nxd5 Nxd5 {[#]} 21. Rxc4 $3 {[%mdl 512]}) 19... Nxd5 {A mistake that costs the game.} (19... Bxd5 $11 {and Black has nothing to worry.} 20. exd5 Nb6) 20. exd5 $18 Bxd5 21. Nf4 Bb7 (21... Nf6 $16) 22. Qc2 {[%csl Gb1][%cal Rc2h7]} Nf6 {Prevents Qh7+.} 23. Bh4 $40 {[%mdl 128] White has strong attack.} g5 $2 (23... Ne4 {was necessary.}) 24. Nh5 {White wants to mate with Nxf6+.} Ne4 (24... Re8 $142) 25. Rxe4 {[%cal Oh5f6]} f5 26. Re5 {[%cal Oe5f5]} ({Inferior is} 26. Rg4 Qe8 27. Rf4 gxf4 28. Bxe7 Qxe7 29. Nxf4 Be4 $15) 26... gxh4 27. Rxf5 {[%cal Of5g5] Rg5+! would kill now.} Rxf5 28. Qxf5 {Intending Qh7+ and mate.} Qd5 29. Qh7+ Kf8 30. Nf4 {White threatens Ng6+ and mate.} Qf7 31. Ng6+ (31. Qh8+ $142 Qg8 32. Qe5) 31... Ke8 32. Qh8+ ({Not} 32. Nxe7 Qxh7 33. Bxh7 Kxe7 $14) 32... Bf8 33. Re1+ {Weighted Error Value: White=0.31/Black=0.72} (33. Nxf8 $142 Kd8 34. Bg6) 1-0

[Event "MPL 35th National U-20 Girls Chess-ch 20"]
[Site "Haryana"]
[Date "2022.03.09"]
[Round "2.3"]
[White "Bhagyashree Patil"]
[Black "Sachi Jain"]
[Result "1/2-1/2"]
[WhiteElo "1974"]
[BlackElo "1401"]
[Annotator "TA"]
[PlyCount "149"]
[EventDate "2022.03.09"]
[EventCountry "IND"]
[SourceTitle "playchess.com"]
[Source "ChessBase"]
[SourceQuality "1"]

{[%evp 9,149,44,44,39,55,41,55,31,31,24,40,39,55,31,31,33,52,6,23,-7,43,43,71,64,67,49,45,40,67,33,75,65,65,42,53,55,77,61,98,79,138,52,113,107,152,131,135,70,56,66,81,31,31,14,14,14,14,14,14,14,14,14,14,14,14,14,14,14,14,14,14,14,14,14,14,14,14,14,14,0,14,14,14,0,14,14,14,14,14,14,14,14,14,14,14,0,0,0,14,14,14,14,14,14,14,14,14,14,14,14,14,-87,-99,-832,-801,-1053,-932,-939,-525,-502,-461,-1415,-1455,-1248,-1247,-29977,-29978,-29978,-29979,-29979,-29980,-29980,-29980,-29980,-29980,-29980,0,-29979,0,-29979,0,-29979]} 1. e4 e5 2. Nf3 d6 3. c3 c6 4. d4 Nd7 5. Qc2 Be7 6. Bd3 {C41: Philidor Defence.} Ngf6 {[#]} 7. Nbd2 $146 {[%cal Bb1d2,Bd2f1,Bf1g3][%mdl 32]} ({Predecessor:} 7. Be3 O-O 8. h3 Re8 9. O-O Qc7 10. Nbd2 Bf8 11. Nh4 g6 12. f4 Bg7 13. f5 {0-1 (53) Konova,P (1584)-Li,X (1436) Harbin 2017}) 7... Qc7 8. Nf1 {White is slightly better.} Nf8 9. Ng3 Ng6 10. O-O O-O 11. Re1 Bg4 12. Nd2 Nf4 13. Bc4 (13. Bf1 $14 {might be stronger.}) 13... b5 14. Bb3 N6h5 (14... c5 $11 15. dxe5 dxe5) 15. Ndf1 $14 Nxg3 16. hxg3 Nh5 17. f3 Bd7 18. Be3 Rac8 19. g4 Nf6 (19... Nf4 $14) 20. Qd2 c5 21. d5 a5 22. Ng3 a4 23. Bc2 b4 24. c4 Qb6 (24... Ra8 $142) 25. Bd3 (25. Nf5 $16 Qd8 26. Kf2) 25... Ra8 ({Black should play} 25... Qd8 $1 $14) 26. Kf2 $16 b3 (26... Bxg4 $142 27. fxg4 Nxg4+ 28. Kg1 (28. Kf3 Nxe3 29. Qxe3 Bh4 $16) 28... Bh4) 27. a3 ({Don't take} 27. g5 Ne8 $16) 27... Qa5 {[#]} 28. Qe2 ({Better is} 28. Qc1 $1 $16) 28... Qd8 $14 29. Rh1 h6 $1 30. Rh3 (30. g5 $16 hxg5 31. Rh2) 30... Nh7 31. Nf5 Bxf5 32. gxf5 Bg5 33. Rah1 Bxe3+ 34. Qxe3 {[%cal Oh3h6] Rxh6! is the strong threat.} Qg5 35. Qe2 Rfe8 36. g3 Ra7 37. Rh4 Qf6 38. Qd2 Raa8 39. Bf1 {[%cal Bd3f1,Bf1h3,Bh3g4,Bg4h5][%mdl 32]} Ra7 40. Bh3 Ng5 41. Kg2 Nh7 42. Bg4 Ng5 43. Bh5 Ree7 44. Bg4 Re8 45. Kf2 Ree7 46. Bh3 Re8 47. Bg2 Ree7 48. Rg4 Re8 49. Kf1 Ree7 50. Rg1 {[%cal Bh1g1,Bg1g2,Bg2h2][%mdl 32]} Nh7 51. Kf2 Re8 52. Bh1 Ng5 {And now ...Nh3+ would win.} 53. Kf1 Nh3 54. Rg2 Ng5 55. Rh2 Ree7 56. Qe3 Re8 57. Qc1 Ree7 58. Qd2 Ra6 59. Qe3 Ra8 60. f4 (60. Rhh4 $11 {remains equal.}) 60... exf4 $17 {White is on the road to losing.} 61. gxf4 $2 {[%mdl 8192] [#]} (61. Rxf4 $17 Rae8 62. Re2) 61... Nxe4 $1 $19 {[%mdl 512] Hoping for ...Rae8.} 62. Rhg2 (62. Qd3 Qxf5) 62... Rae8 63. Rxg7+ Qxg7 64. Rxg7+ Kxg7 65. Bxe4 (65. Bg2 $142 Kh7 66. f6 Nxf6 67. Qd3+ Kg7 68. Qg3+ Kf8 69. Qc3 Re1+ 70. Qxe1 Rxe1+ 71. Kxe1) 65... Rxe4 {[%mdl 4096] Endgame KQ-KRR} 66. Qc3+ Kh7 67. Qf6 Rxf4+ 68. Kg2 Rg8+ 69. Kh3 Rf3+ 70. Kh2 Rf2+ 71. Kh3 Rf1 {[%cal Rf1h1]} 72. Kh2 Rf2+ 73. Kh3 Rf3+ 74. Kh2 $1 Rf2+ 75. Kh3 {[%mdl 32768] Weighted Error Value: White=0.13 (very precise) /Black=0.08 (flawless) . An unexpected result.} 1/2-1/2

[Event "MPL 35th National U-20 Girls Chess-ch 20"]
[Site "Haryana"]
[Date "2022.03.09"]
[Round "2.4"]
[White "Lakshmi C"]
[Black "Pournami S"]
[Result "1-0"]
[WhiteElo "1968"]
[BlackElo "1390"]
[Annotator "TA"]
[PlyCount "59"]
[EventDate "2022.03.09"]
[EventCountry "IND"]
[SourceTitle "playchess.com"]
[Source "ChessBase"]
[SourceQuality "1"]

{[%evp 23,59,68,79,69,88,70,102,102,177,174,210,208,216,204,289,293,289,213,368,389,368,384,370,356,490,475,824,802,760,769,694,669,12829,10835,29990,29991,29991,29992]} 1. e4 c5 2. Nf3 {[%cal Bg1f3,Bf3d4,Bd4b5,Bb5a3,Ba3c4][%mdl 32]} e6 3. d4 cxd4 4. Nxd4 Nc6 5. Nc3 Nf6 6. Ndb5 d6 7. Bf4 e5 8. Bg5 a6 9. Na3 Be7 10. Bxf6 Bxf6 11. Nc4 Nd4 12. Nd5 b5 (12... Bg4 $2 13. Qxg4 Nxc2+ 14. Kd1 Nxa1 15. Ncb6 $18) 13. Ncb6 {Pair of Knights! B33: Sicilian: Pelikan and Sveshnikov Variations.} Rb8 14. Nxc8 Rxc8 15. c3 {White is better.} Nc6 (15... Ne6 $16) 16. a4 $18 O-O 17. axb5 axb5 18. Bxb5 Bg5 (18... Ne7 $142 19. Nxf6+ gxf6) 19. h4 Bh6 20. Ra6 {[#]} Nb8 $146 (20... Ne7 21. Nb4 Ra8 22. Qxd6 (22. Rxd6 Qb8 $18) 22... Rxa6 23. Qxd8 Rxd8 24. Bxa6 (24. Nxa6 Bc1 $16) 24... Rd2) ({Predecessor:} 20... Nd4 21. Ba4 Ne6 22. Rxd6 Qxd6 23. Nf6+ gxf6 24. Qxd6 Rfd8 25. Qa3 Bd2+ 26. Kf1 Nc5 27. Bc2 Bh6 {1-0 (35) Schirrmacher,C (1966)-Hahlbohm,M (2034) Berlin 2006}) 21. Ra7 Kh8 22. Qa4 g6 23. g3 g5 24. Ne7 {[#] Strongly threatening hxg5.} Rc7 (24... gxh4 $142 25. Nxc8 Qxc8 26. Rxh4 Bg5) 25. Rxc7 Qxc7 26. Nf5 Bg7 27. hxg5 {[%cal Bh4g5,Bg5g6][%mdl 32] And now Qd1 would win.} Rd8 28. Qd1 {[#] Threatening mate with Qh5.} f6 29. Qh5 {[%csl Gh1][%cal Rh5h7]} Bf8 30. g6 {Black did not feel at home in the position after the opening.  Weighted Error Value: White=0.06 (flawless) /Black=0.78} 1-0